| 000 | 00738nam a2200277Ia 4500 | ||
|---|---|---|---|
| 003 | OSt | ||
| 005 | 20221005120500.0 | ||
| 006 | a|||||r|||| 00| 0 | ||
| 007 | ta | ||
| 008 | 221004b |||||||| |||| 00| 0 urd d | ||
| 020 | _a9789350733752 | ||
| 024 | _a12788 | ||
| 037 | _cTextual | ||
| 040 |
_aCRL _cCRL _burd |
||
| 041 |
_2urd _aurd |
||
| 082 | _aO168,1N37x, 152Q4 | ||
| 100 |
_aUsha Piplani Cheeni _9629212 |
||
| 245 | 0 | _aEhsas e Darun | |
| 260 | _c2014 | ||
| 300 |
_a111p. _ccm. |
||
| 650 |
_a HINDI LITERATURE _923866 |
||
| 650 | _aURDU LITERATURE | ||
| 700 |
_a Shahnawaz Ahmad _9629213 |
||
| 942 |
_hO168,1N37x, 152Q4 _cTEXL _2cc |
||
| 999 |
_c1038201 _d1038201 |
||